| 000 | 00711 a2200169 4500 | ||
|---|---|---|---|
| 999 |
_c193630 _d193630 |
||
| 003 | LDD | ||
| 005 | 20190925160517.0 | ||
| 008 | 190924b ||||| |||| 00| 0 eng d | ||
| 020 | _a 9788126730841 | ||
| 040 | _cLDD | ||
| 082 |
_223 _a8H4.09 रा261हि |
||
| 100 |
_aराजकुमार _eलेखक _98093 |
||
| 245 |
_aहिन्दी की जातीय संस्कृति और औपनिवेशिकता/ _cराजकुमार |
||
| 260 |
_bराजकमल प्रकाशन _c2018 _aनयी दिल्ली |
||
| 650 |
_aहिन्दी निबंध _98101 |
||
| 942 |
_2ddc _cBK _e23 _h8H4.09 रा261हि |
||